|
|
|
|
| LEADER |
00000nab a2200000 a 4500 |
| 001 |
vtls000767708 |
| 003 |
SK-MaSNL |
| 005 |
20260302153100.0 |
| 008 |
140303c2001 xo 0 slo |
| 015 |
|
|
|a SNBRB2001/09-26624
|
| 035 |
|
|
|a CLN000119495
|
| 040 |
|
|
|a SNKBUCL
|b slo
|c SNKBUCL
|e AACR2
|
| 041 |
0 |
|
|a slo
|
| 044 |
|
|
|a xo
|c SK
|
| 080 |
|
|
|a 616.858-08
|2 1997
|
| 100 |
0 |
|
|a (ou)
|4 apd
|9 839640
|
| 245 |
1 |
0 |
|a Možnosti liečby morbus Parkinson
|c [spracoval] (ou)
|
| 300 |
|
|
|b Obr., tab.
|
| 500 |
|
|
|a Prevzaté z Forum Dr. Med. 3, 2000, 26-33
|
| 650 |
0 |
7 |
|a choroba Parkinsonova
|x liečba
|2 snkbucl
|9 847519
|
| 655 |
|
7 |
|a články z novín a časopisov
|2 snkbucl
|9 267496
|
| 773 |
0 |
|
|t Zdravotnícke noviny
|g Roč. 6, č. 23 (2001)
|x 1335-4477
|
| 773 |
0 |
|
|t [Príl.] Lekárske listy
|g Č. 23 (2001), s. 10
|x 1335-4477
|
| 850 |
|
|
|a Slovenská národná knižnica v Martine
|
| 852 |
|
|
|a SNK
|b KIS3GCP
|
| 958 |
|
|
|a MI
|
| 992 |
|
|
|a RBX
|
| 999 |
|
|
|c 1364366
|d 1366296
|